Statistics for June 2nd: Birthdays

Click here to take the quiz!

General Stats

  • This quiz has been taken 3 times
  • The average score is 2 of 7

Answer Stats

YearClueAnswer% Correct
1972Actor in Whose Line is It?Wayne Brady
100%
1904Actor who won 5 Olympic GoldsJohnny Weissmuller
67%
1941Part of band Rolling StonesCharlie Watts
33%
1857Artist of Coronation OdeEdward Elgar
33%
1980Record Holder for international goalsAbby Wambach
0%
1922First African-American to join PGA TourCharlie Sifford
0%
1740Wrote JusticeMarquis de Sade
0%

Score Distribution

Percentile by Number Answered

Percent of People with Each Score

Your Score History

You have not taken this quiz